|
|
|
|
| LEADER |
00649cam a2200229 7i4500 |
| 001 |
0000036717 |
| 005 |
20211124090000.0 |
| 007 |
##ta |
| 008 |
211124s2010 my g 000 f may |
| 020 |
# |
# |
|a 9789675136627
|
| 040 |
# |
# |
|a MATR
|
| 090 |
0 |
0 |
|a FM 899.2333
|b MAR
|
| 100 |
0 |
# |
|a Maria Kajiwa,
|d 1967-
|
| 245 |
1 |
0 |
|a Planet-Planet Cinta
|c Maria Kajiwa.
|
| 264 |
# |
0 |
|a Batu Caves, Selangor:
|b PTS Fortuna,
|c 2010.
|
| 300 |
# |
# |
|a 447 pages;
|c 19 cm.
|
| 336 |
# |
# |
|a text
|2 rdacontent
|
| 337 |
# |
# |
|a unmediated
|2 rdamedia
|
| 338 |
# |
# |
|a volume
|2 rdacarrier
|
| 650 |
0 |
0 |
|a Malay fiction
|
| 650 |
0 |
0 |
|a Malaysian fiction (Malay)
|
| 999 |
|
|
|a F000000020
|b Book
|c Book
|e BICplus
|